[Event "zonal 3.3 (w)"]
[Site "Handan CHN"]
[Date "2001.04.25"]
[Round "9"]
[White "Wang Pin"]
[Black "Huang Qian"]
[Result "1/2-1/2"]
[WhiteElo "2504"]
[BlackElo "2218"]
[EventDate "2001.04.16"]
[PlyCount "133"]

1.e4 d5 2.exd5 Qxd5 3.Nc3 Qa5 4.d4 Nf6 5.Bc4 Bf5 6.Nf3 e6 7.Bd2 c6 8.Nd5 
Qd8 9.Nxf6+ gxf6 10.c3 Nd7 11.Nh4 Be4 12.Qh5 Nb6 13.Bb3 Bd5 14.O-O Be7 15.
Rfe1 Bxb3 16.axb3 Qd5 17.Qd1 Qd6 18.Nf3 Nd5 19.Qc1 f5 20.c4 Nf6 21.Bf4 Qd8
22.Be5 Rg8 23.Bxf6 Bxf6 24.Qf4 Kf8 25.h3 Bg5 26.Qe5 Bf6 27.Qf4 Bg5 28.Nxg5
Qxg5 29.Qf3 Qf6 30.d5 cxd5 31.cxd5 e5 32.Qc3 Qg6 33.g3 e4 34.Rxa7 Rxa7 35.
Qc5+ Kg7 36.Qxa7 b6 37.Qc7 Kh8 38.Qf4 Rd8 39.Qe5+ Kg8 40.Kh2 h5 41.Rd1 Kh7
42.d6 Qe6 43.Qf4 Kg6 44.Rd4 f6 45.Kg2 Qe5 46.Qd2 Rd7 47.h4 Qe6 48.Qb4 e3 
49.fxe3 Qxe3 50.Qd2 Qe5 51.Qd3 Kf7 52.Qc4+ Kg6 53.Kf2 Kg7 54.Qd3 Kf7 55.
Kf3 Qe1 56.Qe2 Qh1+ 57.Kf4 Qc1+ 58.Kf3 Qh1+ 59.Qg2 Qe1 60.Qe2 Qh1+ 61.Ke3 
Qg1+ 62.Qf2 Qc1+ 63.Kd3 Qd1+ 64.Kc3 Qc1+ 65.Qc2 Qe1+ 66.Qd2 Qxg3+ 67.Kc2 
1/2-1/2

[Event "zonal 3.3 (w)"]
[Site "Handan CHN"]
[Date "2001.04.26"]
[Round "10"]
[White "Gu Xiaobing"]
[Black "Gong Qianyun"]
[Result "1/2-1/2"]
[WhiteElo "2242"]
[BlackElo "2193"]
[EventDate "2001.04.16"]
[PlyCount "76"]

1.d4 Nf6 2.Nc3 c5 3.Nf3 d5 4.dxc5 e6 5.e4 Bxc5 6.Bb5+ Nc6 7.Bg5 Be7 8.exd5
Nxd5 9.Nxd5 exd5 10.Bxe7 Qxe7+ 11.Qe2 Qxe2+ 12.Bxe2 Bf5 13.O-O-O O-O 14.
Nh4 Be6 15.f4 d4 16.Bf3 Rfd8 17.Rd2 Rac8 18.f5 Bd5 19.Rhd1 h6 20.Kb1 Bxf3 
21.Nxf3 Rd5 22.g4 Rc5 23.Nxd4 Ne5 24.Nb3 Rc4 25.h3 b6 26.Rd8+ Rxd8 27.
Rxd8+ Kh7 28.Rd4 Rc7 29.c3 f6 30.Rd8 h5 31.gxh5 Nf7 32.Rf8 Nd6 33.Rd8 Nxf5
34.Nd4 Nxd4 35.cxd4 f5 36.Rf8 Rd7 37.Rxf5 Rxd4 38.Rf7 Ra4 1/2-1/2

[Event "zonal 3.3 (w)"]
[Site "Handan CHN"]
[Date "2001.04.26"]
[Round "10"]
[White "Huang Qian"]
[Black "Li Ruofan"]
[Result "1-0"]
[WhiteElo "2218"]
[BlackElo "2278"]
[EventDate "2001.04.16"]
[PlyCount "79"]

1.Nf3 Nf6 2.d4 g6 3.c4 Bg7 4.Nc3 O-O 5.g3 d5 6.Bg2 dxc4 7.O-O c6 8.a4 Na6 
9.e4 h6 10.h3 Be6 11.Be3 Nc7 12.Qc2 Qc8 13.Kh2 Rd8 14.Ne2 Na6 15.Ne5 b5 
16.Qc1 Nb4 17.Bxh6 Nd3 18.Qe3 Nxe5 19.dxe5 Rd3 20.Qc1 Ne8 21.Bxg7 Nxg7 22.
Nf4 Rd4 23.Qc3 Qd7 24.axb5 cxb5 25.Nd5 Rd3 26.Qb4 Rb3 27.Qc5 Rxb2 28.Nb6 
axb6 29.Rxa8+ Ne8 30.Qxb6 c3 31.Rd8 b4 32.Rxd7 Bxd7 33.Rc1 Ba4 34.e6 f6 
35.e5 c2 36.exf6 Nxf6 37.Qd8+ Be8 38.Qxe7 b3 39.Qxf6 Rb1 40.Qf4 1-0

[Event "zonal 3.3 (w)"]
[Site "Handan CHN"]
[Date "2001.04.26"]
[Round "10"]
[White "Yu Ting"]
[Black "Ruan Lufei"]
[Result "1-0"]
[WhiteElo "2175"]
[BlackElo "2199"]
[EventDate "2001.04.16"]
[PlyCount "105"]

1.e4 e5 2.Nf3 Nc6 3.Nc3 Nf6 4.g3 Bc5 5.Bg2 d6 6.d3 a6 7.O-O O-O 8.h3 h6 9.
Be3 Bxe3 10.fxe3 Bd7 11.Kh2 Ne7 12.Nh4 c6 13.d4 Qc7 14.Qd2 Rad8 15.Rf2 Nh7
16.Raf1 Ng5 17.Nf5 Nxf5 18.exf5 f6 19.h4 Nf7 20.d5 c5 21.Ne4 Rb8 22.Rg1 
Rfc8 23.g4 Kf8 24.Bh3 Ke7 25.Rg3 Rh8 26.g5 hxg5 27.hxg5 Rh4 28.gxf6+ gxf6 
29.Nxf6 Kxf6 30.Rg6+ Ke7 31.f6+ Kf8 32.Rfg2 Rxh3+ 33.Kg1 Bg4 34.R6xg4 Rh8 
35.Qf2 Qd7 36.e4 Rd8 37.Qg3 Nh6 38.Rg7 Qe8 39.Re7 Qxe7 40.fxe7+ Kxe7 41.
Qh3 Nf7 42.Qe6+ Kf8 43.Rf2 Rh7 44.a4 b5 45.a5 Rg7+ 46.Kf1 Rh7 47.Ke2 Rg7 
48.Rh2 c4 49.Qf6 Kg8 50.Qe7 Rf8 51.Qh4 Re8 52.Rf2 Rf8 53.Qh3 1-0

[Event "zonal 3.3 (w)"]
[Site "Handan CHN"]
[Date "2001.04.27"]
[Round "11"]
[White "Li Ruofan"]
[Black "Wang Yu"]
[Result "1-0"]
[WhiteElo "2278"]
[BlackElo "2413"]
[EventDate "2001.04.16"]
[PlyCount "93"]

1.e4 e5 2.Nf3 Nc6 3.Bb5 a6 4.Ba4 d6 5.Bxc6+ bxc6 6.d4 exd4 7.Qxd4 c5 8.Qd3
Be7 9.Nc3 Nf6 10.O-O O-O 11.Re1 Bb7 12.h3 Re8 13.Bf4 Bf8 14.Rad1 Nd7 15.
Nd5 Rb8 16.b3 f6 17.Bg3 Ne5 18.Nxe5 fxe5 19.f4 exf4 20.Bxf4 Kh8 21.e5 dxe5
22.Rxe5 Rxe5 23.Bxe5 Qg5 24.Bxc7 Rc8 25.c4 g6 26.Bf4 Qh4 27.Bd2 Bg7 28.Bc3
Rf8 29.Bxg7+ Kxg7 30.Qe3 Qh5 31.Rd2 Qf5 32.Qxc5 Rf7 33.Qd4+ Kg8 34.Rf2 
Qb1+ 35.Kh2 Rxf2 36.Qxf2 Bxd5 37.cxd5 Qe4 38.Qd2 Kf8 39.Qg5 Qd4 40.Qd8+ 
Kg7 41.Qd6 a5 42.a3 Qb2 43.b4 a4 44.Qd7+ Kh6 45.Qe6 Kg7 46.d6 Qb3 47.Qd5 
1-0

[Event "zonal 3.3 (w)"]
[Site "Handan CHN"]
[Date "2001.04.27"]
[Round "11"]
[White "Ruan Lufei"]
[Black "Xu Yuhua"]
[Result "1/2-1/2"]
[WhiteElo "2199"]
[BlackElo "2501"]
[EventDate "2001.04.16"]
[PlyCount "120"]

1.e4 c5 2.Nf3 d6 3.d4 cxd4 4.Nxd4 Nf6 5.Nc3 a6 6.Be2 e5 7.Nb3 Be7 8.O-O 
Be6 9.f4 Qc7 10.Kh1 O-O 11.f5 Bc4 12.g4 d5 13.g5 Nxe4 14.Nxe4 dxe4 15.f6 
Bb4 16.Bxc4 Qxc4 17.fxg7 Kxg7 18.Be3 Be7 19.Qh5 Nd7 20.Rf2 Qe6 21.Raf1 Kg8
22.Qh4 Rac8 23.c3 f5 24.gxf6 Rxf6 25.Qxe4 b5 26.Rg1+ Kh8 27.Rfg2 Qc6 28.
Nd2 Qxe4 29.Nxe4 Re6 30.Rg7 Re8 31.Rf7 Rg8 32.Rd1 Nf8 33.Nc5 Bxc5 34.Bxc5 
Re8 35.Rxf8 Rexf8 36.Bxf8 Rxf8 37.Kg2 Kg7 38.Rd7+ Kg6 39.Rd6+ Rf6 40.Rxf6+
Kxf6 41.Kf3 Kf5 42.b3 e4+ 43.Ke3 Ke5 44.c4 bxc4 45.bxc4 a5 46.h4 h5 47.a4 
Kf5 48.c5 Ke5 49.c6 Kd6 50.Kxe4 Kxc6 51.Kf5 Kd5 52.Kg6 Ke6 53.Kxh5 Kf5 54.
Kh6 Kf6 55.h5 Kf7 56.Kg5 Kg7 57.Kf5 Kh6 58.Ke5 Kxh5 59.Kd5 Kg6 60.Kc5 Kf6 
1/2-1/2

[Event "zonal 3.3 (w)"]
[Site "Handan CHN"]
[Date "2001.04.27"]
[Round "11"]
[White "Xu Yuanyuan"]
[Black "Gu Xiaobing"]
[Result "1/2-1/2"]
[WhiteElo "2436"]
[BlackElo "2242"]
[EventDate "2001.04.16"]
[PlyCount "114"]

1.d4 Nf6 2.c4 c5 3.d5 b5 4.cxb5 a6 5.b6 d6 6.Nc3 Nbd7 7.e4 g6 8.Nf3 Bg7 9.
Be2 O-O 10.O-O Nxb6 11.Bf4 a5 12.Qd2 Ba6 13.Rad1 a4 14.Bxa6 Rxa6 15.e5 Nh5
16.Bg5 dxe5 17.Qe2 Ra7 18.Nxe5 Bxe5 19.Qxe5 Nc4 20.Qe2 Nd6 21.Rd3 Qd7 22.
Re3 Re8 23.Re1 Nf5 24.Rh3 Nd4 25.Qe4 Ng7 26.d6 Qxd6 27.Nd5 Qe6 28.Bxe7 
Raxe7 29.Nxe7+ Rxe7 30.Qa8+ Re8 31.Qxe8+ Qxe8 32.Rxe8+ Nxe8 33.Ra3 Kg7 34.
Rxa4 Kf6 35.Ra7 Nd6 36.a4 Ke6 37.a5 Nc6 38.Rc7 Nxa5 39.Rxc5 Nb3 40.Rc3 Nd4
41.Rd3 Ke5 42.g4 Ke4 43.Rh3 Nf3+ 44.Kg2 Ng5 45.Ra3 Kd4 46.Ra4+ Kc5 47.f3 
Ne6 48.Kg3 h6 49.Ra8 Kc4 50.Rh8 Kb3 51.Rxh6 Kxb2 52.h4 Kc3 53.Rh8 Kd4 54.
f4 Ne4+ 55.Kf3 Nd2+ 56.Ke2 Ne4 57.Kf3 Nd2+ 1/2-1/2

[Event "zonal 3.3 (w)"]
[Site "Handan CHN"]
[Date "2001.04.28"]
[Round "12"]
[White "Gong Qianyun"]
[Black "Xu Yuanyuan"]
[Result "1-0"]
[WhiteElo "2193"]
[BlackElo "2436"]
[EventDate "2001.04.16"]
[PlyCount "53"]

1.e4 c6 2.d4 d5 3.e5 Bf5 4.h4 h5 5.c4 e6 6.Nc3 dxc4 7.Bxc4 Nd7 8.Bg5 Be7 
9.Qd2 Nb6 10.Bb3 Qd7 11.Nge2 O-O-O 12.a4 f6 13.Bf4 Bb4 14.O-O Ne7 15.Qc1 
Ng6 16.a5 Nxf4 17.Nxf4 Na8 18.d5 fxe5 19.Nxe6 Bxe6 20.dxe6 Qd4 21.Re1 Rhf8
22.Re2 Qxh4 23.Qe3 Kb8 24.g3 Qh3 25.Qxe5+ Bd6 26.Qg5 Rf5 27.Qxd8# 1-0

[Event "zonal 3.3 (w)"]
[Site "Handan CHN"]
[Date "2001.04.29"]
[Round "13"]
[White "Ruan Lufei"]
[Black "Huang Qian"]
[Result "1-0"]
[WhiteElo "2199"]
[BlackElo "2218"]
[EventDate "2001.04.16"]
[PlyCount "95"]

1.e4 d5 2.exd5 Qxd5 3.Nc3 Qa5 4.d4 Nf6 5.Nf3 Bg4 6.h3 Bh5 7.g4 Bg6 8.Ne5 
e6 9.Bg2 c6 10.h4 Be4 11.Bxe4 Nxe4 12.Qf3 Nd6 13.Bd2 Qc7 14.O-O-O Na6 15.
Rhe1 O-O-O 16.h5 Nb4 17.a3 Nd5 18.Ne4 Nxe4 19.Rxe4 Nf6 20.Re2 h6 21.g5 
hxg5 22.Bxg5 Re8 23.h6 Nh7 24.Qxf7 Qxf7 25.Nxf7 Rg8 26.Bd2 gxh6 27.Nxh6 
Rg2 28.Nf7 Kd7 29.Ne5+ Kc8 30.Rh1 Nf6 31.Nd3 Ng4 32.Rhe1 Kd7 33.f3 Rxe2 
34.Rxe2 Nf6 35.Bg5 Nh5 36.Rh2 Ng7 37.Rh7 Kc8 38.Bf4 Rd8 39.Be5 Rd7 40.Rh8 
Rd8 41.Nf4 Nf5 42.Nxe6 Bh6+ 43.Rxh6 Nxh6 44.Nxd8 Kxd8 45.Kd2 Nf5 46.Kd3 
Kd7 47.Ke4 Ke6 48.c4 1-0

[Event "zonal 3.3 (w)"]
[Site "Handan CHN"]
[Date "2001.04.29"]
[Round "13"]
[White "Wang Pin"]
[Black "Gong Qianyun"]
[Result "1-0"]
[WhiteElo "2504"]
[BlackElo "2193"]
[EventDate "2001.04.16"]
[PlyCount "39"]

1.e4 e6 2.d4 d5 3.Nd2 c5 4.exd5 Qxd5 5.Ngf3 cxd4 6.Bc4 Qd6 7.Qe2 Nf6 8.Nb3
Nc6 9.Bg5 Be7 10.O-O-O e5 11.Rhe1 Bg4 12.Bb5 Bxf3 13.gxf3 O-O-O 14.Bxc6 
Qxc6 15.Qxe5 Bb4 16.Nxd4 Rxd4 17.Rxd4 Bxe1 18.Bf4 Nd7 19.Qxe1 Kd8 20.Qa5+ 
1-0

[Event "zonal 3.3 (w)"]
[Site "Handan CHN"]
[Date "2001.04.29"]
[Round "13"]
[White "Xu Yuanyuan"]
[Black "Yu Ting"]
[Result "1-0"]
[WhiteElo "2436"]
[BlackElo "2175"]
[EventDate "2001.04.16"]
[PlyCount "93"]

1.d4 Nf6 2.c4 e6 3.Nc3 Bb4 4.Qc2 b6 5.a3 Bxc3+ 6.Qxc3 Bb7 7.Bg5 h6 8.Bh4 
d6 9.f3 Nbd7 10.e4 c5 11.Bd3 O-O 12.Ne2 Qc7 13.d5 Nh7 14.dxe6 fxe6 15.O-O 
Nhf6 16.Nf4 Rfe8 17.Bg3 Ne5 18.Rad1 Nc6 19.e5 Nxe5 20.Bc2 Nc6 21.Bg6 Re7 
22.Bh4 Nd4 23.Qe3 Rf8 24.Nh5 Nxh5 25.Bxe7 Qxe7 26.Bxh5 Qh4 27.Bg6 e5 28.b4
Qf6 29.Bd3 h5 30.bxc5 bxc5 31.Rb1 Bc6 32.Be4 h4 33.Bxc6 Nxc6 34.Qe4 Nd4 
35.h3 Qe6 36.Qd3 d5 37.cxd5 Qxd5 38.Rbc1 Rc8 39.Qc4 Qxc4 40.Rxc4 Kf7 41.
Kf2 Ke6 42.Ke3 Kd5 43.Kd3 Rb8 44.Rfc1 Ne6 45.Rxh4 Nf4+ 46.Kc2 Ne2 47.Rb1 
1-0